00597nam a2200193Ia 4500008004100000020001800041082001600059100002800075245004800103250000600151260003900157300001500196500002400211650001500235700003300250942000700283952009600290999001700386230524s9999 xx 000 0 und d a9789381332497 a621.38bJEN aDebashisha Jena 942737 0aPower System Analysis Operation and Control a2 aNew DelhibI.K.Internationalc2013 a"XI,332p;" aQuantity Number: 1 aElectrical aB.Rajanarayan Prousty942738 cBK 00104070aTATCLbTATCLcGENd2023-05-24l0o621.38 JENp54084r2023-05-24w2023-05-24yBK c57720d57720